Normal view MARC view

Entry Topical Term

Number of records used in: 1

001 - CONTROL NUMBER

  • control field: 158208

003 - CONTROL NUMBER IDENTIFIER

  • control field: OSt

005 - DATE AND TIME OF LATEST TRANSACTION

  • control field: 20220923211109.0

008 - FIXED-LENGTH DATA ELEMENTS

  • fixed length control field: 220923|| aca||aabn | a|a d

040 ## - CATALOGING SOURCE

  • Original cataloging agency: OSt
  • Transcribing agency: OSt

150 ## - HEADING--TOPICAL TERM

  • Topical term or geographic name entry element: समाजशास्त्र

670 ## - SOURCE DATA FOUND

  • Source citation: Work cat.: (OSt)295201: विमलेश्वरी सिंह, ले. 158207, नागवंश* मिथक, इतिहास और लोकसाहित्य, 2016
Copyright @ Delhi University Library System